00245nam a2200085Ia 4500008004100000082001800041100002700059245005700086300001600143230907s9999||||xx |||||||||||||| ||und|| a363.73874,SOV aSovacool, Benjamin K., 4aThe political economy of climate change adaptation / a226 pages :